000 00592nam a22002297a 4500
003 UA-OsUOA
001 41063
007 ta
008 20060914b un ||||| |||| 00| 0 ukr d
100 _aСкоробогатов Д. И.
090 _a82-94
_bС44
942 _cBK
040 _aUA-OsUOA
_brus
_cUA-OsUOA
_dUA-OsUOA
245 _aОднополчане
300 _a236 с.
955 _a0
041 _arus
080 _a82-94
260 _aМінск
_bВоениздат
_c1976
650 7 _a82 Література. Літературознавство
_2UDC
999 _c327205
_d327205